000 00831nam a2200229 i 4500
001 100121
003 ES-MaACL
005 20250807122504.0
007 t|
008 050922s1921 sp ||||1| spa d
100 1 _aMartínez Sierra, Gregorio,
_d1881-1947
_978429
245 1 3 _aEl peregrino ilusionado /
_cGregorio Martínez Sierra ; ilustraciones de Laura Albéniz.
260 _aMadrid :
_b[s.n.],
_c1921 (
_fTip. Artística)
300 _a294 p. :
_bil. ;
_c19 cm.
490 1 _aObras completas
594 _aObra en colaboración entre Gregorio Martínez Sierra y María Lejárraga (María Martínez Sierra)
700 1 _aAlbéniz, Laura,
_d1890-1944
_9174494
700 1 _aMartínez Sierra, María,
_d1874-1974
_978430
830 1 _aObras completas
_9176447
852 4 _aES-MaACL
_jF-11899
999 _c100121
_d100121